| 000 | 00758nam a2200241 a 4500 | ||
|---|---|---|---|
| 999 |
_c935 _d935 |
||
| 001 | 407 | ||
| 003 | BD-DhUAP | ||
| 005 | 20200203173425.0 | ||
| 008 | 200129s1996 bg b 001 0 eng d | ||
| 020 | _a9840513354 | ||
| 040 |
_aBD-DhUAP _cBD-DhUAP _dBD-DhUAP _bEng |
||
| 082 | 0 | 0 |
_a954.92 BAN _223 |
| 245 | 0 | 0 |
_aBangladesh : _binternal dynamics and external linkages / _cedited by Abul Kalam. |
| 260 |
_aDhaka, Bangladesh : _bUniversity Press Ltd., _cc1996. |
||
| 300 |
_axviii, 374 pages : _billustrations ; _c22 cm. |
||
| 504 | _aIncludes bibliographical references and index. | ||
| 520 | _aContributed articles. | ||
| 651 | _aBangladesh. | ||
| 700 | 0 | _aAbul Kalam. | |
| 942 |
_2ddc _cBK |
||